| 000 | 01002nam a2200241Ia 4500 | ||
|---|---|---|---|
| 003 | GCL | ||
| 005 | 20240530095500.0 | ||
| 008 | 140319s9999 xx 000 0 ara d | ||
| 020 | _a9030829953 | ||
| 040 |
_aGCL / _cGCL |
||
| 082 | 0 | 4 |
_a342.0239567 _bم ب |
| 245 | 1 | 0 |
_aبرنامج لمستقبل العراق بعد انهاء الاحتلال : _bالدستور - قانون الانتخاب - قانون الاحزاب - اعادة البناء - النفط - الاعلام - الجيش - القضية الكردية - التعويضات |
| 250 | _aالاولى | ||
| 260 |
_aبيروت : _bمركز دراسات الوحدة العربية ، _c2005 |
||
| 300 |
_a288ص ؛ _c24سم |
||
| 650 | 0 | 4 | _aالعراق - الدستور |
| 650 | 0 | 4 | _aالدساتير - تعديلات |
| 650 | 0 | 4 | _aالعراق - التنمية السياسية |
| 650 | 0 | 4 |
_aالبترول _zالعراق . |
| 650 | 0 | 4 | _aالقضية العراقية |
| 650 | 0 | 4 | _aالعراق - الجيش |
| 942 |
_2ddc _cBK |
||
| 999 |
_c7696 _d7696 |
||